[Event "Arab Games"]
[Site "Doha"]
[Date "2011.12.19"]
[Round "6"]
[White "Nadir, Samir"]
[Black "Hussein, Ali Hadi"]
[Result "1/2-1/2"]
[WhiteElo "2125"]
[BlackElo "2392"]
[PlyCount "109"]
[EventDate "2011.12.13"]
[EventType "team-swiss"]
[EventRounds "9"]
[EventCountry "QAT"]
[SourceTitle "CBM 145 Extra"]
[Source "ChessBase"]
[SourceDate "2012.01.03"]
[SourceVersion "1"]
[SourceVersionDate "2012.01.03"]
[SourceQuality "1"]
[WhiteTeam "Sudan"]
[BlackTeam "Iraq"]
[WhiteTeamCountry "SUD"]
[BlackTeamCountry "IRQ"]

1. c4 Nf6 2. Nc3 e5 3. Nf3 d6 4. d4 Nbd7 5. e4 Be7 6. Be2 0-0 7. 0-0 c6 8. h3 exd4 9. Nxd4 Nc5 10. Qc2 a5 11. Rd1 Qc7 12. Bf4 Re8 13. Rd2 Bf8 14. Bf3 Nfd7 15. Rad1 Ne5 16. Be2 g6 17. Bg3 f6 18. f4 Nf7 19. Bf3 Qb6 20. Kh1 Qb4 21. a3 Qb6 22. b3 Bd7 23. Rb1 Bh6 24. b4 axb4 25. axb4 Ne6 26. Nxe6 Bxe6 27. Bf2 Qc7 28. Ne2 Qc8 29. Kh2 f5 30. Bg3 Bg7 31. Nd4 fxe4 32. Bxe4 Bd7 33. Rf1 Ra3 34. Rf3 Rxf3 35. Nxf3 Be6 36. Re2 Qd7 37. Bd3 d5 38. c5 Kf8 39. Bf2 Bf5 40. Rxe8+ Kxe8 41. Bxf5 Qxf5 42. Qxf5 gxf5 43. Bd4 Kf8 44. Kg3 Nd8 45. Bxg7+ Kxg7 46. Nd4 Kf6 47. Kf3 h5 48. g3 Ne6 49. Nxe6 Kxe6 50. Ke3 Kf7 51. Kd4 Kf6 52. h4 Ke6 53. Kd3 Ke7 54. Kd4 Ke6 55. Kd3 1/2-1/2

[Event "Arab Games"]
[Site "Doha"]
[Date "2011.12.13"]
[Round "1"]
[White "Hussein, Ali Hadi"]
[Black "Adly, Ahmed"]
[Result "1/2-1/2"]
[WhiteElo "2392"]
[BlackElo "2601"]
[PlyCount "69"]
[EventDate "2011.12.13"]
[EventType "team-swiss"]
[EventRounds "9"]
[EventCountry "QAT"]
[SourceTitle "CBM 145 Extra"]
[Source "ChessBase"]
[SourceDate "2012.01.03"]
[SourceVersion "1"]
[SourceVersionDate "2012.01.03"]
[SourceQuality "1"]
[WhiteTeam "Iraq"]
[BlackTeam "Egypt"]
[WhiteTeamCountry "IRQ"]
[BlackTeamCountry "EGY"]

1. e4 c5 2. Nf3 d6 3. Bb5+ Nd7 4. 0-0 Ngf6 5. Re1 a6 6. Bxd7+ Bxd7 7. e5 dxe5 8. Nxe5 e6 9. Nc3 Be7 10. d3 0-0 11. Nxd7 Qxd7 12. Qf3 Nd5 13. Nxd5 exd5 14. Bf4 Rfe8 15. Be5 Bf8 16. b3 Re6 17. Bc3 Rae8 18. Rxe6 Qxe6 19. Kf1 Qd6 20. g3 b5 21. Re1 Rxe1+ 22. Bxe1 Qe5 23. Qe2 Qa1 24. c4 dxc4 25. dxc4 b4 26. Kg2 g6 27. f3 Bg7 28. Qe8+ Bf8 29. Qe2 Bd6 30. Bf2 Kf8 31. Be3 h5 32. Qf2 Ke8 33. Qd2 Be7 34. Bf2 Kf8 35. Qe2 1/2-1/2

[Event "Arab Games rapid"]
[Site "Doha"]
[Date "2011.12.11"]
[Round "1"]
[White "Hussein, Ali Hadi"]
[Black "Nadir, Samir"]
[Result "1-0"]
[WhiteElo "2392"]
[BlackElo "2125"]
[PlyCount "115"]
[EventDate "2011.12.11"]
[EventType "swiss (rapid)"]
[EventRounds "9"]
[EventCountry "QAT"]
[SourceTitle "CBM 145 Extra"]
[Source "ChessBase"]
[SourceDate "2012.01.03"]
[SourceVersion "1"]
[SourceVersionDate "2012.01.03"]
[SourceQuality "1"]

1. Nf3 d5 2. c4 c6 3. e3 Nf6 4. b3 Bf5 5. Bb2 e6 6. Be2 Be7 7. 0-0 0-0 8. Nh4 Bg6 9. Nxg6 hxg6 10. d3 Nbd7 11. Nd2 Qc7 12. cxd5 exd5 13. Nf3 Rfe8 14. Rc1 Rad8 15. Rc2 a5 16. Qb1 Bd6 17. h3 Ne5 18. Nd4 Qe7 19. Rfc1 Ned7 20. Nf3 Ne5 21. Qa1 Nxf3+ 22. Bxf3 Ba3 23. Bxa3 Qxa3 24. Qd4 Qb4 25. Qb2 Nd7 26. a3 Qh4 27. Qc3 Ne5 28. Be2 g5 29. d4 Nd7 30. Qxa5 Nf6 31. Qe1 g4 32. Bxg4 Nxg4 33. hxg4 Qxg4 34. Qe2 Qg5 35. b4 Rd6 36. b5 Rg6 37. g3 Ree6 38. bxc6 bxc6 39. Rb1 Qf5 40. Rb8+ Kh7 41. Rcb2 Rh6 42. Qc2 Re4 43. Qd1 Qh3 44. Qf3 Qh2+ 45. Kf1 Rf6 46. Qg2 Qh5 47. Kg1 Qd1+ 48. Qf1 Qf3 49. Qe2 Qf5 50. Rd8 Rfe6 51. Qf1 Qf3 52. Rbb8 Kg6 53. Rh8 Rf6 54. Rbe8 Rfe6 55. Rxe6+ Rxe6 56. a4 Qe4 57. Qd1 Qf5 58. a5 1-0

[Event "Asia-ch"]
[Site "Mashhad"]
[Date "2011.05.10"]
[Round "9"]
[White "Pourramezanali, Amirreza"]
[Black "Hussein, Ali Hadi"]
[Result "1-0"]
[WhiteElo "2330"]
[BlackElo "2394"]
[PlyCount "79"]
[EventDate "2011.05.02"]
[EventType "swiss"]
[EventRounds "9"]
[EventCountry "IRI"]
[SourceTitle "CBM 142"]
[Source "ChessBase"]
[SourceDate "2011.05.17"]
[SourceVersion "1"]
[SourceVersionDate "2011.05.17"]
[SourceQuality "1"]

1. e4 d6 2. d4 Nf6 3. Nc3 Nbd7 4. f4 e5 5. Nf3 exd4 6. Qxd4 Nc5 7. Be3 Be7 8. 0-0-0 0-0 9. h3 Bd7 10. e5 Nh5 11. g4 Ng3 12. Rg1 Nxf1 13. Rgxf1 Bc6 14. Nd5 Bxd5 15. Qxd5 c6 16. Qd4 d5 17. f5 Ne4 18. g5 Re8 19. f6 Bf8 20. Kb1 g6 21. h4 Ng3 22. Rfe1 Nf5 23. Qg4 Nxe3 24. Rxe3 Bc5 25. Re2 Qc8 26. Qf4 Qf5 27. Qxf5 gxf5 28. Nd4 f4 29. c3 Bxd4 30. cxd4 c5 31. dxc5 f3 32. Re3 Rad8 33. Rxf3 Rxe5 34. Ra3 a6 35. Rb3 d4 36. Rxb7 Rxc5 37. Rxd4 Rdc8 38. a3 h6 39. g6 R5c6 40. Rxf7 1-0

[Event "Asia-ch"]
[Site "Mashhad"]
[Date "2011.05.08"]
[Round "7"]
[White "Sadeh, Shahin"]
[Black "Hussein, Ali Hadi"]
[Result "0-1"]
[WhiteElo "2343"]
[BlackElo "2394"]
[PlyCount "52"]
[EventDate "2011.05.02"]
[EventType "swiss"]
[EventRounds "9"]
[EventCountry "IRI"]
[SourceTitle "CBM 142"]
[Source "ChessBase"]
[SourceDate "2011.05.17"]
[SourceVersion "1"]
[SourceVersionDate "2011.05.17"]
[SourceQuality "1"]

1. Nf3 Nf6 2. b3 d6 3. d4 g6 4. Bb2 Bg7 5. Nbd2 0-0 6. e4 c6 7. a4 a5 8. Bd3 Re8 9. 0-0 d5 10. e5 Nh5 11. c4 Nf4 12. Bb1 Na6 13. g3 Ne6 14. h4 Nb4 15. Kg2 c5 16. cxd5 Nxd4 17. Be4 Bg4 18. Bxd4 cxd4 19. Nc4 f5 20. Bb1 Qxd5 21. Nb6 Qc6 22. Nxa8 Rxa8 23. Re1 Qc3 24. Qe2 d3 25. Bxd3 Nxd3 26. Red1 Nxe5 0-1

[Event "Asia-ch"]
[Site "Mashhad"]
[Date "2011.05.06"]
[Round "5"]
[White "Darini, Pouria"]
[Black "Hussein, Ali Hadi"]
[Result "1-0"]
[WhiteElo "2471"]
[BlackElo "2394"]
[PlyCount "43"]
[EventDate "2011.05.02"]
[EventType "swiss"]
[EventRounds "9"]
[EventCountry "IRI"]
[SourceTitle "CBM 142"]
[Source "ChessBase"]
[SourceDate "2011.05.17"]
[SourceVersion "1"]
[SourceVersionDate "2011.05.17"]
[SourceQuality "1"]

1. e4 e6 2. d4 d5 3. Nc3 dxe4 4. Nxe4 Nd7 5. Nf3 Be7 6. Bd3 Ngf6 7. Nxf6+ Bxf6 8. Qe2 0-0 9. h4 g6 10. h5 c5 11. hxg6 hxg6 12. Bh6 cxd4 13. 0-0-0 Re8 14. Kb1 e5 15. Bxg6 Nf8 16. Be4 Be6 17. Rh3 Bxh3 18. gxh3 Ne6 19. Rg1+ Kh8 20. Nxe5 Ng5 21. Bxg5 Rxe5 22. Qh5+ 1-0

[Event "Asia-ch"]
[Site "Mashhad"]
[Date "2011.05.05"]
[Round "4"]
[White "Hussein, Ali Hadi"]
[Black "Barbosa, Oliver"]
[Result "0-1"]
[WhiteElo "2394"]
[BlackElo "2506"]
[PlyCount "59"]
[EventDate "2011.05.02"]
[EventType "swiss"]
[EventRounds "9"]
[EventCountry "IRI"]
[SourceTitle "CBM 142"]
[Source "ChessBase"]
[SourceDate "2011.05.17"]
[SourceVersion "1"]
[SourceVersionDate "2011.05.17"]
[SourceQuality "1"]

1. Nf3 c5 2. e4 g6 3. Bc4 Bg7 4. 0-0 Nc6 5. c3 Qb6 6. Re1 d6 7. h3 e5 8. d3 Nge7 9. Bb3 0-0 10. Nbd2 h6 11. Nc4 Qc7 12. Ne3 Kh7 13. Nd5 Nxd5 14. exd5 Ne7 15. d4 exd4 16. cxd4 Nf5 17. dxc5 dxc5 18. Re4 b5 19. Bf4 Qb6 20. g4 Nd6 21. Re2 Bb7 22. a4 c4 23. Ba2 a6 24. Qd2 Qc5 25. Rd1 Rad8 26. Be5 Ne4 27. Rxe4 Rxd5 28. Rd4 Rxe5 29. Nxe5 Qxe5 30. Qf4 0-1

[Event "Asia-ch"]
[Site "Mashhad"]
[Date "2011.05.03"]
[Round "2"]
[White "Hussein, Ali Hadi"]
[Black "Vidit, Santosh Gujrathi"]
[Result "1-0"]
[WhiteElo "2394"]
[BlackElo "2495"]
[PlyCount "85"]
[EventDate "2011.05.02"]
[EventType "swiss"]
[EventRounds "9"]
[EventCountry "IRI"]
[SourceTitle "CBM 142"]
[Source "ChessBase"]
[SourceDate "2011.05.17"]
[SourceVersion "1"]
[SourceVersionDate "2011.05.17"]
[SourceQuality "1"]

1. e4 c6 2. d4 d5 3. exd5 cxd5 4. Bd3 Nc6 5. c3 Qc7 6. h3 Nf6 7. Nf3 g6 8. 0-0 Bg7 9. Re1 0-0 10. Na3 Nh5 11. Nc2 Rd8 12. Bg5 f6 13. Be3 e5 14. dxe5 fxe5 15. Bf1 e4 16. Nfd4 Ne5 17. Be2 Qf7 18. Qd2 b6 19. Rad1 Bb7 20. Qc1 Rf8 21. Rf1 Rad8 22. f4 exf3 23. Bxf3 Ng3 24. Rfe1 Ba6 25. Bf2 Nxf3+ 26. gxf3 Nh5 27. Bh4 Bf6 28. Bg5 Bc8 29. h4 Qc7 30. Qd2 Bxg5 31. Qxg5 Nf4 32. Qg3 Rf7 33. Kh2 Rdf8 34. Re3 Qd7 35. Rde1 Nh5 36. Qg2 Rf4 37. Ne6 Rxh4+ 38. Kg1 Rf6 39. Ncd4 h6 40. Re5 a6 41. Nf5 Re4 42. fxe4 Rxe6 43. exd5 1-0

[Event "Asia Cities-ch 17th"]
[Site "Jakarta"]
[Date "2011.04.28"]
[Round "9.7"]
[White "Hussein, Ali Hadi"]
[Black "Lane, Gary William"]
[Result "0-1"]
[WhiteElo "2377"]
[BlackElo "2366"]
[PlyCount "82"]
[EventDate "2011.04.22"]
[EventType "team-swiss"]
[EventRounds "9"]
[EventCountry "INA"]
[SourceTitle "CBM 142 Extra"]
[Source "ChessBase"]
[SourceDate "2011.06.27"]
[SourceVersion "1"]
[SourceVersionDate "2011.06.27"]
[SourceQuality "1"]
[WhiteTeam "Baghdad"]
[BlackTeam "Sydney"]
[WhiteTeamCountry "IRQ"]
[BlackTeamCountry "AUS"]

1. Nf3 Nf6 2. g3 g6 3. Bg2 Bg7 4. 0-0 0-0 5. d4 d6 6. Nc3 Nc6 7. e4 e5 8. h3 Re8 9. Be3 Bd7 10. d5 Ne7 11. a4 c6 12. g4 h5 13. g5 Nh7 14. h4 cxd5 15. Nxd5 Nxd5 16. Qxd5 Bc6 17. Qc4 d5 18. exd5 Bxd5 19. Qe2 Qc8 20. Rfd1 Qc6 21. Nxe5 Rxe5 22. Rxd5 Rxd5 23. c4 Rxg5 24. hxg5 Qc7 25. Rd1 Re8 26. Rd5 Nf8 27. b3 Ne6 28. Qd2 Re7 29. a5 a6 30. Qb4 Bf8 31. Qb6 Qb8 32. Qd6 Qxd6 33. Rxd6 Nxg5 34. Rb6 Ne4 35. Bxe4 Rxe4 36. Rxb7 f5 37. Kf1 f4 38. Bd2 f3 39. Bc3 h4 40. Rd7 Ba3 41. c5 h3 0-1

[Event "Asia Cities-ch 17th"]
[Site "Jakarta"]
[Date "2011.04.27"]
[Round "7.5"]
[White "Hussein, Ali Hadi"]
[Black "Battulga, Namkhai"]
[Result "0-1"]
[WhiteElo "2377"]
[BlackElo "2420"]
[PlyCount "128"]
[EventDate "2011.04.22"]
[EventType "team-swiss"]
[EventRounds "9"]
[EventCountry "INA"]
[SourceTitle "CBM 142 Extra"]
[Source "ChessBase"]
[SourceDate "2011.06.27"]
[SourceVersion "1"]
[SourceVersionDate "2011.06.27"]
[SourceQuality "1"]
[WhiteTeam "Baghdad"]
[BlackTeam "Erdenet"]
[WhiteTeamCountry "IRQ"]
[BlackTeamCountry "MGL"]

1. e4 c5 2. Nf3 d6 3. Bb5+ Nc6 4. 0-0 Bd7 5. Re1 Nf6 6. c3 a6 7. Bf1 Bg4 8. d3 e6 9. h3 Bh5 10. Be3 Be7 11. Nbd2 d5 12. a4 0-0 13. Bf4 Rc8 14. Qb3 Na5 15. Qa2 Bxf3 16. Nxf3 c4 17. e5 Nd7 18. dxc4 Nxc4 19. Bd3 Qb6 20. Re2 Nc5 21. Bc2 Nd7 22. a5 Qc7 23. Bg3 Rfd8 24. h4 g6 25. b4 Bf8 26. Rae1 Bg7 27. h5 b6 28. axb6 Ncxb6 29. hxg6 hxg6 30. Re3 Nc4 31. R3e2 a5 32. Bd3 Ra8 33. b5 Qc5 34. Nd4 Ncxe5 35. Qd2 Nxd3 36. Qxd3 Rdc8 37. Nxe6 fxe6 38. Rxe6 Nf8 39. Re7 Bf6 40. Rb7 Qxc3 41. Qxd5+ Kh8 42. Rbe7 Ra7 43. R7e3 Qd4 44. Qf3 Kg7 45. Rd1 Qc5 46. Rd5 Qb4 47. Bd6 Rc1+ 48. Rd1 Rxd1+ 49. Qxd1 Qxb5 50. Rb3 Qc6 51. Rd3 Ne6 52. Bb8 Rb7 53. Bg3 Qb5 54. Rd5 Qb1 55. Kh2 Kg8 56. Rd7 Rb5 57. Rd5 Rxd5 58. Qxd5 Qf5 59. Qa8+ Kh7 60. Qa7+ Ng7 61. Qc7 a4 62. f3 Bd4 63. Bf4 Qh5+ 64. Kg3 a3 0-1

[Event "Asia Cities-ch 17th"]
[Site "Jakarta"]
[Date "2011.04.25"]
[Round "4.5"]
[White "Hussein, Ali Hadi"]
[Black "Sukandar, Irine Kharisma"]
[Result "0-1"]
[WhiteElo "2377"]
[BlackElo "2354"]
[PlyCount "134"]
[EventDate "2011.04.22"]
[EventType "team-swiss"]
[EventRounds "9"]
[EventCountry "INA"]
[SourceTitle "CBM 142 Extra"]
[Source "ChessBase"]
[SourceDate "2011.06.27"]
[SourceVersion "1"]
[SourceVersionDate "2011.06.27"]
[SourceQuality "1"]
[WhiteTeam "Baghdad"]
[BlackTeam "Tarakan"]
[WhiteTeamCountry "IRQ"]
[BlackTeamCountry "INA"]

1. e4 e5 2. Nf3 Nc6 3. Be2 Nf6 4. d3 d5 5. Nbd2 dxe4 6. dxe4 Bc5 7. 0-0 0-0 8. c3 a5 9. a4 Qe7 10. Qc2 h6 11. Nc4 Re8 12. Be3 Be6 13. b3 Rad8 14. h3 Bxe3 15. Nxe3 Nh5 16. Rfd1 Nf4 17. Bb5 Qf6 18. h4 Rf8 19. Bxc6 bxc6 20. g3 Nh5 21. Nh2 Rb8 22. c4 Qe7 23. Qc3 Qc5 24. Nf3 Nf6 25. Qxe5 Qxe5 26. Nxe5 Rxb3 27. Nxc6 Nxe4 28. Ra2 Nc3 29. Rda1 Nxa2 30. Rxa2 Ra8 31. Ra1 Rc3 32. Rb1 Bxc4 33. Rb7 Be6 34. Nd4 Rd8 35. Nxe6 fxe6 36. Rb5 Ra8 37. Re5 Ra6 38. Kg2 Kf7 39. h5 Kf6 40. Re4 Rb6 41. Ng4+ Ke7 42. Ne3 Rc5 43. Rg4 Kf7 44. Rd4 Rxh5 45. Rd7+ Kg8 46. Rxc7 Rb4 47. g4 Rg5 48. Kg3 Rxa4 49. Nc4 Rd5 50. f3 Rb4 51. Ne3 Rd3 52. Rc8+ Kh7 53. Ng2 Rbb3 54. Ne1 Re3 55. Kf2 Rxe1 56. Kxe1 Rxf3 57. Rc4 Kg6 58. Ke2 Rb3 59. Re4 Kf6 60. Rf4+ Ke7 61. Rc4 Rb4 62. Rc7+ Kf6 63. Kf3 a4 64. Ra7 Rb3+ 65. Kg2 a3 66. Ra5 e5 67. Kf2 Kg5 0-1

[Event "Asia Cities-ch 17th"]
[Site "Jakarta"]
[Date "2011.04.23"]
[Round "2.3"]
[White "Hussein, Ali Hadi"]
[Black "Kazhgaleyev, Murtas"]
[Result "0-1"]
[WhiteElo "2377"]
[BlackElo "2618"]
[PlyCount "96"]
[EventDate "2011.04.22"]
[EventType "team-swiss"]
[EventRounds "9"]
[EventCountry "INA"]
[SourceTitle "CBM 142 Extra"]
[Source "ChessBase"]
[SourceDate "2011.06.27"]
[SourceVersion "1"]
[SourceVersionDate "2011.06.27"]
[SourceQuality "1"]
[WhiteTeam "Baghdad"]
[BlackTeam "Astana"]
[WhiteTeamCountry "IRQ"]
[BlackTeamCountry "KAZ"]

1. d4 d6 2. Nf3 Nf6 3. g3 g6 4. Bg2 Bg7 5. 0-0 0-0 6. Nc3 Nbd7 7. e4 e5 8. h3 c6 9. a4 b6 10. Re1 Bb7 11. dxe5 dxe5 12. Be3 a6 13. Nd2 b5 14. axb5 axb5 15. Nb3 Qc7 16. Qe2 Rfe8 17. f3 Nb6 18. Nd2 b4 19. Qf2 Nfd7 20. Ne2 c5 21. b3 c4 22. g4 Bf8 23. Bf1 c3 24. Nc4 Nxc4 25. bxc4 Bc5 26. Bxc5 Nxc5 27. Rab1 Ra4 28. Nc1 Ba6 29. Rd1 Rb8 30. Rd5 Ne6 31. Nb3 Bxc4 32. Bxc4 Qxc4 33. Rxe5 Rd8 34. Qb6 Raa8 35. Qb5 Qc7 36. Kh1 Qa7 37. Rxe6 fxe6 38. Qxb4 Qe3 39. Rf1 Rd1 40. Rxd1 Qxf3+ 41. Kh2 Qxd1 42. Qc4 Qd6+ 43. Kg2 Qa6 44. Qxc3 Qe2+ 45. Kg3 Rf8 46. Qd2 Qxe4 47. Nd4 e5 48. Ne6 Qf3+ 0-1